Definícia cieľov, rozsahu a predmetu dohľadu nad finančným trhom v kontexte slovenskej dohliadacej legislatívy a praxe - otvorený problém

Ciele dohľadu nad finančným trhom - stabilita finančného trhu, bezpečné a zdravé fungovanie trhu, udržanie dôveryhodnosti trhu, rešpektovanie pravidiel hospodárskej súťaže, ochrana investorov. Dokumenty, ktoré prijala NBS.

Salvato in:
Dettagli Bibliografici
Autore principale: Čunderlík, Ľubomír
Natura: Capitolo di libro
Lingua:slovacco
Soggetti:
Tags: Aggiungi Tag
Nessun Tag, puoi essere il primo ad aggiungerne!!

MARC

LEADER 00000naa$a2200000$$$4500
001 0102246
005 20221207083550.4
041 0 |a slo 
044 |a SK 
245 1 0 |a Definícia cieľov, rozsahu a predmetu dohľadu nad finančným trhom v kontexte slovenskej dohliadacej legislatívy a praxe - otvorený problém  |c Ľubomír Čunderlík 
520 |a Ciele dohľadu nad finančným trhom - stabilita finančného trhu, bezpečné a zdravé fungovanie trhu, udržanie dôveryhodnosti trhu, rešpektovanie pravidiel hospodárskej súťaže, ochrana investorov. Dokumenty, ktoré prijala NBS. 
610 2 0 |a trh finančný 
610 2 0 |a stabilizácia trhu 
610 2 0 |a súťaž hospodárska 
610 2 0 |a investori 
610 2 0 |a investovanie obozretné 
610 2 0 |a ochrana investícií 
100 1 |a Čunderlík, Ľubomír